00781cam a2200241 i 4500001000500000005001700005020001600022040002300038050001300061082000800074100002000082245005500102260003600157300005800193490002800251505000800279520013700287521003000424521002000454650004400474650001000518650001100528437520240816102644.0 a0307118274  aDLCcDLCdDLCbeng00aPZ7.S32700a4281 aScarry, Richard10aShort and tall /cillustrations by Richard Scarry  aNew York :bGolden Press,c1976 a24 unnumbered pages : bcolor illustrations ;c22 cm.0 aA Golden look-look book aK  aDrawings of animals engaged in various activities illustrate antonyms of descriptive words such as cold and hot, colors, and shapes. a510 bLexile estimate  aK bRaz-Plus  1aEnglish languagexSynonyms and antonyms 1aShape 1aColor.